000 00558nam a22001937a 4500
005 20251108164238.0
008 250721s1997 xx 000 0 ara d
082 1 4 _a791.457/إين
100 1 _aالخالدي، إيناس
245 1 0 _aقراءه نقديه للأعمال التلفزيونية /
264 1 _aعمان :
_c1997.
300 _a80ص
650 1 7 _aالتلفزيون
650 1 7 _aالبرامج التلفزيونية
650 1 7 _aالإنتاج التلفزيوني
650 1 7 _aالنقد
942 _2ddc
_cBK
999 _c7354
_d7354